| 000 | 01066nam a2200325Ia 4500 | ||
|---|---|---|---|
| 005 | 20220317001510.0 | ||
| 008 | 161108s2015 s g 000 0 s | ||
| 020 | _a9788490661123 | ||
| 100 | 1 |
_aBeckett, Samuel _d1906-1989 |
|
| 245 | 1 | 0 |
_aEsperando a Godot _cSamuel Beckett ; traducción de Ana María Moix |
| 250 | _a1a. edición | ||
| 300 |
_a127 páginas _c19 cm |
||
| 490 | _aAustral : Teatro | ||
| 500 | _aIncluye datos biográficos del autor | ||
| 534 | _tEn attendant Godot | ||
| 586 | _aPremio Nobel de literatura, 1969 | ||
| 650 | 1 | 4 |
_2LEMB _aTragedia en la literatura _ySiglo XX |
| 650 | 1 | 4 |
_2LEMB _aLiteratura irlandesa _ySiglo XX |
| 650 | 1 | 4 |
_2LEMB _aCondición humana _xTeatro |
| 650 | 1 | 4 |
_2LEMB _aTragedia _xTeatro |
| 650 | 1 | 4 |
_2LEMB _aComedia _xTeatro |
| 700 | 1 |
_aMoix, Ana María _913071 |
|
| 942 |
_2loc _cBKLIT |
||
| 264 |
_aBarcelona _bTusquets _c[2015] |
||
| 336 |
_atexto _btxt _2rdacontent |
||
| 337 |
_asin mediación _bn _2rdamedia |
||
| 338 |
_avolumen _bnc _2rdacarrier |
||
| 040 |
_aCO-BoRNBP _bspa _erda _cCO-BoRNBP |
||
| 084 | _aT BEC1 | ||
| 999 |
_c7170 _d7170 |
||